Handbook of Materials Management (Record no. 6935)

MARC details
000 -LEADER
fixed length control field 00310nam a2200133Ia 4500
008 - FIXED-LENGTH DATA ELEMENTS--GENERAL INFORMATION
fixed length control field 191201s2016 xx 000 0 und d
100 ## - MAIN ENTRY--PERSONAL NAME
Personal name GOPALAKRISHNAN, P
245 #0 - TITLE STATEMENT
Title Handbook of Materials Management
260 ## - PUBLICATION, DISTRIBUTION, ETC. (IMPRINT)
Name of publisher, distributor, etc PHI
Date of publication, distribution, etc 2016
300 ## - PHYSICAL DESCRIPTION
Extent 790
650 ## - SUBJECT ADDED ENTRY--TOPICAL TERM
Topical term or geographic name as entry element BBA
700 ## - ADDED ENTRY--PERSONAL NAME
Personal name HALEEM, Abid
942 ## - ADDED ENTRY ELEMENTS (KOHA)
Source of classification or shelving scheme Dewey Decimal Classification
Koha item type Text Books
Holdings
Withdrawn status Lost status Source of classification or shelving scheme Damaged status Not for loan Collection code Home library Current library Date acquired Source of acquisition Cost, normal purchase price Bill Number Total Checkouts Full call number Acc. no. / Barcode Date last seen Actual Cost, discounted price Bill Date Koha item type Date last borrowed
    Dewey Decimal Classification     BBA PIET C-LIBRARY PIET C-LIBRARY 21/07/2020 Kirti Prakashan 795.00 IN 3877   658.7 GOH 30846 04/12/2019 532.65 15/05/2019 Text Books  
    Dewey Decimal Classification     BBA PIET C-LIBRARY PIET C-LIBRARY 21/07/2020 Kirti Prakashan 795.00 IN 3877 1 658.7 GOH 30847 20/01/2020 532.65 15/05/2019 Text Books 17/01/2020
    Dewey Decimal Classification     BBA PIET C-LIBRARY PIET C-LIBRARY 21/07/2020 Kirti Prakashan 795.00 IN 3877   658.7 GOH 30848 04/12/2019 532.65 15/05/2019 Text Books  
    Dewey Decimal Classification     BBA PIET C-LIBRARY PIET C-LIBRARY 21/07/2020 Kirti Prakashan 795.00 IN 3877   658.7 GOH 30849 04/12/2019 532.65 15/05/2019 Text Books  
    Dewey Decimal Classification     BBA PIET C-LIBRARY PIET C-LIBRARY 21/07/2020 Kirti Prakashan 795.00 IN 3877 1 658.7 GOH 30850 01/01/2020 532.65 15/05/2019 Text Books 19/12/2019

Design & Developed by: PIET Central Library
R70 Miles Stone Pattikalyana Samalkha Panipat 132102
mail ID :- [email protected], Phone No:- 0180-2569700 Ex.216